| 000 | 00742 a2200217 4500 | ||
|---|---|---|---|
| 001 | 2663 | ||
| 005 | 20260407155423.0 | ||
| 008 | 260407a1997 arg spa d | ||
| 003 | AR-UNSa-BCEJYS | ||
| 040 |
_aAR-UNSa-BCEJYS _bspa _cAR-UNSa-BCEJYS |
||
| 080 |
_a658 _xAdministración de empresas. Organización comercial |
||
| 245 | 1 | 0 |
_aTemas de administración general _ppublicación parcial |
| 264 | 1 |
_aSalta : _bUniversidad Nacional de Salta. Facultad de Ciencias Económicas, Jurídicas y Sociales _c1997 |
|
| 300 |
_a75 p. _c21 cm. |
||
| 505 | _a1. Organizaciones - 2. Administración | ||
| 041 | _aspa | ||
| 942 | _cBK | ||
| 590 | _aniveau_biblio:m niveau_hierar:0 | ||
| 100 | 1 | _aDe Zuani, Elio Rafael | |
| 700 | 1 | _aMartino, Luis Alberto | |
| 999 |
_c273 _d273 |
||